000 00478nam a22001815a 4500
003 Nust
005 20170216102432.0
008 170216b xxu||||| |||| 00| 0 eng d
040 _cNust-MCE
082 _a297.128
_bBHA
100 1 _aBhatti, Akhtar Khalid.
245 1 4 _aThe Holy Quran on environment /
_cAkhtar K. Bhatti, Gul-e-Jannat.
260 _aKarachi :
_bRoyal Book Co.,
_c1995.
300 _a145 p. ;
_c22 cm.
650 _aMCE
700 0 _aGul-e-Jannat.
942 _cBK
999 _c220566
_d220566